000 01603nam0a2200325 4500
001 RU\NLR\bibl\846243
005 20250614150447.0
010 _a5-89503-254-0
_9300
021 _aRU
_b2005-52920
_92583
035 _a(NLR Aleph) 000835023
090 _a1384742
_c1384742
100 _a20050929d2005 |||y0rusy50 ca
101 0 _arus
102 _aRU
105 _aa |||||||||
200 1 _aАвтоматизация технологических процессов и производств
_eучебное пособие
_fС.В. Шидловский
_gФедер. агентство по образованию, Том. гос. ун-т ун-т систем упр. и радиоэлектроники
210 _aТомск
_cТомский государственный университет систем управления и радиоэлектроники
_d2005
215 _a99 с.
_cил.
_d20
320 _aБиблиогр.: с. 94-95 (22 назв.)
606 0 _aАСУТП
_jУчебные издания для высших учебных заведений
_92078470
_3RU\NLR\auth\661254329
606 0 _aАвтоматизация производства
_jУчебные издания для высших учебных заведений
_91046100
_3RU\NLR\auth\6685569
686 _aЗ986.1я73-1
686 _aЗ965,5я73-1
700 1 _aШидловский
_bС. В.
_gСтанислав Викторович
_4070
801 0 _aRU
_bNLR
_c20050929
_grcr
801 1 _aRU
_bNLR
_c20050929
830 _aавт. по кн.
942 _cBOOK
980 _aNB